[Event "BCF-chT2 0607 (4NCL)"]
[Site "Sunningdale"]
[Date "2006.09.16"]
[Round "1.8"]
[White "Mohammad, Mursal"]
[Black "Jain, Akash"]
[Result "1/2-1/2"]
[WhiteElo "1960"]
[BlackElo "1955"]
[PlyCount "35"]
[EventDate "2006.09.16"]
[EventType "team"]
[EventRounds "11"]
[EventCountry "ENG"]
[SourceTitle "CBM 115 Extra"]
[Source "ChessBase"]
[SourceDate "2007.01.10"]
[SourceVersion "1"]
[SourceVersionDate "2007.01.10"]
[SourceQuality "1"]
[WhiteTeam "White Rose"]
[BlackTeam "Slough Sharks II"]
[WhiteTeamCountry "ENG"]
[BlackTeamCountry "ENG"]

1. e4 c5 2. Nf3 e6 3. d4 cxd4 4. Nxd4 a6 5. Be3 Nf6 6. Nc3 Bb4 7. Bd3 Qc7 8. Qd2 d5 9. exd5 Nxd5 10. Nde2 b5 11. Be4 Bb7 12. Bxd5 Bxd5 13. Qd4 Nc6 14. Qxg7 0-0-0 15. 0-0-0 Bxc3 16. Nxc3 Nb4 17. a3 Rdg8 18. Qf6 1/2-1/2